Management : (Record no. 523389)
[ view plain ]
| 000 -LEADER | |
|---|---|
| fixed length control field | 01057pam a2200301 a 4500 |
| 001 - CONTROL NUMBER | |
| control field | 652217 |
| 003 - CONTROL NUMBER IDENTIFIER | |
| control field | NUST |
| 005 - DATE AND TIME OF LATEST TRANSACTION | |
| control field | 20201230104606.0 |
| 008 - FIXED-LENGTH DATA ELEMENTS--GENERAL INFORMATION | |
| fixed length control field | 940331s1995 maua b 001 0 eng |
| 010 ## - LIBRARY OF CONGRESS CONTROL NUMBER | |
| LC control number | 94015348 |
| 020 ## - INTERNATIONAL STANDARD BOOK NUMBER | |
| International Standard Book Number | 1557866104 (hbk) |
| 020 ## - INTERNATIONAL STANDARD BOOK NUMBER | |
| International Standard Book Number | 1557866112 (pbk) |
| 038 ## - RECORD CONTENT LICENSOR | |
| Staff Name | 0 |
| 040 ## - CATALOGING SOURCE | |
| Original cataloging agency | DLC |
| Transcribing agency | DLC |
| Modifying agency | DLC |
| 050 00 - LIBRARY OF CONGRESS CALL NUMBER | |
| Classification number | HD62.15 |
| Item number | .S734 1995 |
| 082 00 - DEWEY DECIMAL CLASSIFICATION NUMBER | |
| Classification number | 658.5/62 |
| Edition number | 20 |
| 100 1# - MAIN ENTRY--PERSONAL NAME | |
| Personal name | Stahl, Michael J. |
| 9 (RLIN) | 13611 |
| 245 10 - TITLE STATEMENT | |
| Title | Management : |
| Remainder of title | total quality in a global environment / |
| Statement of responsibility, etc. | Michael J. Stahl. |
| 260 ## - PUBLICATION, DISTRIBUTION, ETC. | |
| Place of publication, distribution, etc. | Cambridge, Mass. : |
| Name of publisher, distributor, etc. | Blackwell Business, |
| Date of publication, distribution, etc. | 1995. |
| 300 ## - PHYSICAL DESCRIPTION | |
| Extent | xxx, 546 p. : |
| Other physical details | ill. (some col.) ; |
| Dimensions | 25 cm. |
| 500 ## - GENERAL NOTE | |
| General note | Includes bibliographical references and Indexes. |
| 650 #0 - SUBJECT ADDED ENTRY--TOPICAL TERM | |
| Topical term or geographic name entry element | Total quality management. |
| 9 (RLIN) | 872 |
| 650 #0 - SUBJECT ADDED ENTRY--TOPICAL TERM | |
| Topical term or geographic name entry element | Competition, International. |
| 9 (RLIN) | 13612 |
| 740 0# - ADDED ENTRY--UNCONTROLLED RELATED/ANALYTICAL TITLE | |
| Uncontrolled related/analytical title | Management, total quality in a global environment. |
| 906 ## - LOCAL DATA ELEMENT F, LDF (RLIN) | |
| a | 7 |
| b | cbc |
| c | orignew |
| d | 1 |
| e | ocip |
| f | 19 |
| g | y-gencatlg |
| 942 ## - ADDED ENTRY ELEMENTS (KOHA) | |
| Source of classification or shelving scheme | |
| Koha item type | Book |
| Withdrawn status | Lost status | Source of classification or shelving scheme | Damaged status | Not for loan | Permanent Location | Current Location | Shelving location | Date acquired | Full call number | Barcode | Date last seen | Price effective from | Koha item type | Total Checkouts | Date last checked out |
|---|---|---|---|---|---|---|---|---|---|---|---|---|---|---|---|
| Central Library (CL) | Central Library (CL) | General Stacks | 02/03/2019 | 658.562 STA | NBS521 | 01/04/2021 | 02/03/2019 | Book | |||||||
| Central Library (CL) | Central Library (CL) | General Stacks | 02/03/2019 | 658.562 STA | NBS1061 | 02/28/2019 | 02/03/2019 | Book | |||||||
| Central Library (CL) | Central Library (CL) | General Stacks | 02/03/2019 | 658.562 STA | NBS329 | 01/05/2021 | 02/03/2019 | Book | 2 | 01/04/2021 | |||||
| Central Library (CL) | Central Library (CL) | General Stacks | 02/03/2019 | 658.562 STA | NBS1064 | 02/03/2019 | 02/03/2019 | Book | |||||||
| Central Library (CL) | Central Library (CL) | General Stacks | 02/03/2019 | 658.562 STA | NBS1062 | 02/03/2019 | 02/03/2019 | Book |
